Sports Quiz

Random Sports or Baseball Quiz

MLB NL Silver Sluggers Of The 21st Century Quiz Stats

 Plays Quiz not verified by Sporcle

Challenge
Share
Tweet
Embed
Score 0/108 Timer 12:00
0 Plays Today
Team/Year Player % Correct
2000 San Francisco GiantsBarry Bonds
99.5%
2001 San Francisco GiantsBarry Bonds
99.5%
2002 San Francisco GiantsBarry Bonds
99.5%
2003 San Francisco GiantsBarry Bonds
99.5%
2004 San Francisco GiantsBarry Bonds
99.5%
2001 St. Louis CardinalsAlbert Pujols
98.9%
2003 St. Louis CardinalsAlbert Pujols
98.9%
2004 St. Louis CardinalsAlbert Pujols
98.9%
2006 Philadelphia PhilliesChase Utley
98.9%
2007 Philadelphia PhilliesChase Utley
98.9%
2008 Philadelphia PhilliesChase Utley
98.9%
2008 St. Louis CardinalsAlbert Pujols
98.9%
2008 Milwaukee BrewersRyan Braun
98.9%
2009 St. Louis CardinalsAlbert Pujols
98.9%
2009 Philadelphia PhilliesChase Utley
98.9%
2009 Milwaukee BrewersRyan Braun
98.9%
2010 St. Louis CardinalsAlbert Pujols
98.9%
2010 Milwaukee BrewersRyan Braun
98.9%
2011 Milwaukee BrewersRyan Braun
98.9%
2000 Colorado RockiesTodd Helton
98.4%
2000 Atlanta BravesChipper Jones
98.4%
2000 Chicago CubsSammy Sosa
98.4%
2001 Colorado RockiesTodd Helton
98.4%
2001 Chicago CubsSammy Sosa
98.4%
2002 Colorado RockiesTodd Helton
98.4%
2002 Chicago CubsSammy Sosa
98.4%
2003 Colorado RockiesTodd Helton
98.4%
2005 Atlanta BravesAndruw Jones
98.4%
2007 New York MetsDavid Wright
97.9%
2008 New York MetsDavid Wright
97.9%
2000 New York MetsMike Piazza
97.4%
2001 New York MetsMike Piazza
97.4%
2002 New York MetsMike Piazza
97.4%
2007 Milwaukee BrewersPrince Fielder
97.4%
2011 Milwaukee BrewersPrince Fielder
97.4%
2001 Arizona DiamondbacksLuis Gonzalez
96.8%
Team/Year Player % Correct
2010 Colorado RockiesCarlos Gonzalez
96.8%
2000 Montreal ExposVladimir Guerrero
96.3%
2002 Montreal ExposVladimir Guerrero
96.3%
2008 Florida MarlinsHanley Ramirez
96.3%
2009 Florida MarlinsHanley Ramirez
96.3%
2011 Chicago CubsAramis Ramirez
96.3%
2009 Washington NationalsRyan Zimmerman
95.8%
2010 Washington NationalsRyan Zimmerman
95.8%
2006 Atlanta BravesBrian Mccann
95.3%
2008 Atlanta BravesBrian Mccann
95.3%
2010 Atlanta BravesBrian Mccann
95.3%
2011 Atlanta BravesBrian Mccann
95.3%
2000 San Francisco GiantsJeff Kent
94.7%
2001 San Francisco GiantsJeff Kent
94.7%
2002 San Francisco GiantsJeff Kent
94.7%
2005 Los Angeles DodgersJeff Kent
94.7%
2006 Colorado RockiesMatt Holliday
94.7%
2007 Colorado RockiesMatt Holliday
94.7%
2008 Colorado RockiesMatt Holliday
94.7%
2010 Colorado RockiesTroy Tulowitzki
94.7%
2010 St. Louis CardinalsMatt Holliday
94.7%
2011 Colorado RockiesTroy Tulowitzki
94.7%
2005 Chicago CubsDerek Lee
94.2%
2005 Milwaukee BrewersCarlos Lee
94.2%
2007 Houston AstrosCarlos Lee
94.2%
2007 Philadephia PhilliesJimmy Rollins
93.7%
2009 Los Angeles DodgersMatt Kemp
93.7%
2011 Los Angeles DodgersMatt Kemp
93.7%
2006 Philadelphia PhilliesRyan Howard
93.2%
2006 New York MetsCarlos Beltran
93.2%
2007 New York MetsCarlos Beltran
93.2%
2006 Chicago CubsCarlos Zambrano
90%
2008 Chicago CubsCarlos Zambrano
90%
2009 Chicago CubsCarlos Zambrano
90%
2006 New York MetsJose Reyes
88.9%
2003 Atlanta BravesJavy Lopez
87.4%
Team/Year Player % Correct
2005 Cincinnati RedsFelipe Lopez
87.4%
2011 Cincinnati RedsBrandon Phillips
87.4%
2000 St. Louis CardinalsEdgar Renteria
86.8%
2002 St. Louis CardinalsEdgar Renteria
86.8%
2003 St. Louis CardinalsEdgar Renteria
86.8%
2002 St. Louis CardinalsScott Rolen
86.3%
2004 Los Angeles DodgersAdrian Beltre
85.8%
2004 St. Louis CardinalsJim Edmonds
85.8%
2009 Atlanta BravesBrian Mccann
83.7%
2011 Arizona DiamondbacksJustin Upton
83.2%
2007 Los Angeles DodgersRussell Martin
82.6%
2009 Los Angeles DodgersAndre Ethier
82.6%
2010 Florida MarlinsDan Uggla
82.6%
2003 Florida MarlinsMike Lowell
77.9%
2000 New York MetsMike Hampton
77.4%
2001 Colorado RockiesMike Hampton
77.4%
2002 Colorado RockiesMike Hampton
77.4%
2003 Atlanta BravesMike Hampton
77.4%
2006 Washington NationalsAlfonso Soriano
77.4%
2005 Florida MarlinsMiguel Cabrera
75.3%
2006 Florida MarlinsMiguel Cabrera
75.3%
2003 Montreal ExposJose Vidro
71.1%
2004 Pittsburgh PiratesJack Wilson
71.1%
2003 Atlanta BravesGary Sheffield
69.5%
2010 Milwaukee BrewersYovani Gallardo
65.8%
2001 San Francisco GiantsRich Aurilia
65.3%
2004 Philadelphia PhilliesBobby Abreu
64.7%
2005 Houston AstrosMorgan Ensberg
62.1%
2008 St. Louis CardinalsRyan Ludwick
54.7%
2007 Arizona DiamondbacksMicah Owings
45.3%
2004 Montreal ExposLivan Hernandez
44.2%
2011 Arizona DiamondbacksDaniel Hudson
42.1%
2005 Chicago CubsMichael Barrett
39.5%
2004 San Diego PadresMark Loretta
34.7%
2004 Atlanta BravesJohnny Estrada
28.4%
2005 St. Louis CardinalsJason Marquis
22.6%

You're not logged in!

Compare scores with friends on all Sporcle quizzes.
Join for Free
OR
Log In

You Might Also Like...

Show Comments

Extras

Top Quizzes Today


Score Distribution

Your Account Isn't Verified!

In order to create a playlist on Sporcle, you need to verify the email address you used during registration. Go to your Sporcle Settings to finish the process.

Report this User

Report this user for behavior that violates our Community Guidelines.

Details: